000 00697cam a2200265 4500
008 090401t1988 xxu||||| |||| 00| 0 eng d
020 _a0854064117
035 _a(Sirsi) u48086
041 _aeng
050 _a333.00285
090 _aRICS 1989/2 ABCD
100 _aDixon, Tim
245 _aComputerised information systems for surveyors
260 _aLondon
_bSurveyors Publications
_c1988
300 _axvii,190p ; 24cm.
350 _a14.95
650 _aCOMPUTERS
650 _aESTATE AGENCY
650 _aGENERAL PRACTICE
650 _aPROPERTY INFORMATION SYSTEMS
650 _aProperty management
_96262
650 _aValuation
_96273
942 _n0
948 _c04/03/1997
999 _c92279
_d92279